[Event "Druzynowe Mistrzostwa Polski Juniorow - I liga"]
[Site "Suchedniow"]
[Date "1899-12-30"]
[Round "5.10"]
[White "Kulesza, Andrzej"]
[Black "Madajczak, Piotr"]
[Result "1-0"]
[WhiteTitle "I"]
[BlackTitle "II+"]
[WhiteElo "1675"]
[BlackElo "1479"]

1. e4 c5 2. Nf3 Nc6 3. d4 cxd4 4. Nxd4 Nf6 5. Nc3 e5 6. Ndb5 d6 7. Bg5 a6 8. Na3
b5 9. Nd5 Be7 10. Bxf6 Bxf6 11. c3 O-O 12. Nc2 Bg5 13. Nce3 Bxe3 14. Nxe3 Be6
15. Be2 Ne7 16. Bf3 Qc7 17. O-O Rad8 18. Re1 Kh8 19. Qe2 f5 20. exf5 Nxf5 21.
Nxf5 Bxf5 22. Be4 d5 23. Bxf5 Rxf5 24. a4 Qc4 25. axb5 axb5 26. Qxc4 bxc4 27.
Ra5 g6 28. Kf1 Rd7 29. Rd1 d4 30. Ke2 Rb7 31. Rd2 Re7 32. Rc5 Rh5 33. h3 Rh4 34.
f3 Kg7 35. Kf2 d3 36. g3 Rxh3 37. Kg2 Rh5 38. Rxc4 Rd7 39. Re4 Rf5 40. g4 Rf8
41. Rxe5 Rfd8 42. Re3 Kf6 43. f4 h5 44. g5+ Kf7 45. Kg3 Rd5 46. Kf3 R5d7 47. Re5
Kg7 48. Kg3 Rf8 49. Re4 Rfd8 50. Kf3 Rb8 51. Ke3 Rdb7 52. b4 Rc7 53. Rxd3 Rbc8
54. Kd2 Kf7 55. Kc2 Rc6 56. Kb3 R8c7 57. Rde3 Rc8 58. c4 Rb6 59. b5 Rd8 60. Kb4
h4 61. c5 Rbb8 62. c6 Rh8 63. Rh3 Rbe8 64. Rxe8 Kxe8 65. Kc5 Kd8 66. b6 Kc8 67.
Kb5 Kb8 68. c7+ Kb7 69. Ra3 h3 70. Ra7+ Kc8 71. Kc6 1-0

[Event "Druzynowe Mistrzostwa Polski Juniorow - I liga"]
[Site "Suchedniow"]
[Date "1899-12-30"]
[Round "5.11"]
[White "Kalinowska, Karolina"]
[Black "Waszczuk, Patrycja"]
[Result "0-1"]
[WhiteTitle "I"]
[BlackTitle "k"]
[WhiteElo "1544"]
[BlackElo "1867"]

1. e4 c5 2. Nf3 e6 3. d4 cxd4 4. Nxd4 a6 5. Nc3 Qc7 6. Bd3 Nf6 7. O-O Be7 8. Qe2
d6 9. Kh1 Nbd7 10. f4 b6 11. Bd2 Bb7 12. Rae1 O-O 13. e5 Nd5 14. Nf3 Nc5 15. Ne4
Nxd3 16. Qxd3 dxe5 17. fxe5 Rad8 18. Nfg5 h6 19. c4 hxg5 20. cxd5 Bxd5 21. Bc1
Qc4 22. Qe3 Bxe4 23. Qxe4 Qxe4 24. Rxe4 Kh7 25. Ra4 Ra8 26. Re1 b5 27. Rg4 Rac8
28. a4 b4 29. a5 Rc2 30. b3 Rc3 31. Rg3 Rc5 32. Bd2 Rxa5 33. Rg4 Rb5 34. h3 Rd8
35. Bxg5 Bxg5 36. Rxg5 Rd3 37. Rf1 Kg8 38. Rc1 Rb8 39. h4 Rxb3 40. h5 Rc3 41.
Rb1 b3 42. h6 g6 43. Rg4 b2 44. Rd4 Rc1+ 45. Rd1 Rxd1+ 46. Rxd1 b1=Q 0-1

[Event "Druzynowe Mistrzostwa Polski Juniorow - I liga"]
[Site "Suchedniow"]
[Date "1899-12-30"]
[Round "5.12"]
[White "Mysliwiec, Natalia"]
[Black "Pawicka, Magdalena"]
[Result "1/2-1/2"]
[WhiteTitle "I"]
[BlackTitle "I"]
[WhiteElo "1311"]
[BlackElo "1600"]

1. e4 c5 2. Nf3 e6 3. d4 cxd4 4. Nxd4 a6 5. Bd3 Bc5 6. Nb3 Ba7 7. Qg4 Qf6 8. Qg3
Nc6 9. O-O Nge7 10. Re1 Ng6 11. c3 h6 12. Be3 Bb8 13. Qg4 Nce5 14. Qd1 Nxd3 15.
Qxd3 Ne5 16. Qe2 O-O 17. Bd4 Qg6 18. N1d2 b5 19. Nc5 d6 20. Ncb3 Nc6 21. Be3 Bb7
22. f3 Re8 23. Kh1 Ne5 24. Rad1 d5 25. Na5 Re7 26. Bc5 Rd7 27. Nxb7 Rxb7 28. b3
Rd7 29. Bd4 Nc6 30. Bc5 Qh5 31. h3 d4 32. cxd4 Nxd4 33. Bxd4 Rxd4 34. Qe3 Qe5
35. Nf1 Ba7 36. Rxd4 Bxd4 37. Qe2 Rd8 38. Rd1 Rc8 39. Qd2 Bb6 40. Rc1 Rd8 41.
Qe2 Qb8 42. Rd1 Qc7 43. Qe1 Rxd1 44. Qxd1 Qc5 45. Nh2 Qd4 46. Qc1 Bc5 47. Ng4
h5 48. Nh2 Kf8 49. Qb1 Ke7 50. Qc1 Kf6 51. Qf4+ Kg6 52. Qg3+ Kh7 53. Qe1 Qb2 54.
a4 Qxb3 55. axb5 axb5 56. Nf1 Qc2 57. Ne3 Qd3 58. Nf1 Qd4 59. Ng3 g6 60. Ne2 Qf2
61. Qxf2 Bxf2 62. Nc3 b4 63. Nb1 Kg7 64. g4 hxg4 65. hxg4 Kf6 66. Kg2 Bc5 67.
Kf1 Ke5 68. Ke2 b3 69. Nd2 Kd4 70. Nxb3+ Kc4 71. Na5+ Kb5 72. Nb3 Kb4 73. Nd2
Kc3 74. Nf1 Bd6 75. Ne3 g5 76. Ng2 Bf4 77. Ne1 e5 78. Nd3 Kc4 79. Nf2 f6 80. Nd1
Kb3 81. Nf2 Kc3 82. Nd1+ Kc2 83. Nf2 Kc3 84. Nd1+ Kc4 85. Nf2 Kd4 86. Nd1 Bc1
87. Nf2 Bf4 88. Nd1 Bc1 89. Nf2 Bf4 90. Nd1 Bc1 1/2-1/2

[Event "Druzynowe Mistrzostwa Polski Juniorow - I liga"]
[Site "Suchedniow"]
[Date "1899-12-30"]
[Round "5.13"]
[White "Mockun, Dawid"]
[Black "Putlak, Wojciech"]
[Result "1/2-1/2"]
[WhiteTitle "I"]
[BlackTitle "I"]
[WhiteElo "2061"]
[BlackElo "1938"]

1. d4 Nf6 2. Nf3 e6 3. e3 d5 4. Bd3 Bd6 5. Nbd2 Nbd7 6. O-O O-O 7. e4 dxe4 8. Nxe4
Nxe4 9. Bxe4 Nf6 10. Bd3 h6 11. Qe2 c5 12. Be3 Qc7 13. dxc5 Bxc5 14. Bd2 Nd5 15.
Qe4 f5 16. Qc4 Bd6 17. Qxc7 Bxc7 18. Bc4 Nb6 19. Bb3 Bd7 20. Bc3 Rfe8 21. Ne5
Bb5 22. Rfd1 Na4 23. Bd4 Rad8 24. Nf3 Nb6 25. Be5 Bxe5 26. Nxe5 Nd7 27. Nc4 Bxc4
28. Bxc4 Kf7 29. Bb5 Ke7 30. b4 a6 31. Be2 Nf6 32. c4 e5 33. a4 Rxd1+ 34. Rxd1
Rd8 35. Rxd8 Kxd8 36. a5 Kc7 37. f3 f4 38. g3 g5 39. Kf2 Kd6 40. Bd3 Nh5 41. Be4
Kc7 42. Bd3 Ng7 43. Kg2 Ne8 44. h4 Nf6 45. hxg5 hxg5 46. g4 b6 47. axb6+ Kxb6
48. Kf2 a5 49. c5+ Kc6 50. bxa5 Kxc5 51. a6 Kb6 52. Be2 Nd5 53. Ke1 Nb4 54. Kd2
Nd5 55. Kd3 Nf6 56. Kc3 e4 57. Kd4 exf3 58. Bxf3 Kxa6 59. Ke5 Nxg4+ 60. Ke4 1/2-1/2

[Event "Druzynowe Mistrzostwa Polski Juniorow - I liga"]
[Site "Suchedniow"]
[Date "1899-12-30"]
[Round "5.14"]
[White "Paziak, Patryk"]
[Black "Buraczewski, Rafal"]
[Result "0-1"]
[WhiteTitle "I"]
[BlackTitle "I++"]
[WhiteElo "1745"]
[BlackElo "2020"]

1. c4 Nf6 2. Nf3 g6 3. g3 Bg7 4. Bg2 O-O 5. O-O c6 6. Nc3 d6 7. d3 e5 8. Rb1 Qc7
9. Bd2 Re8 10. Qa4 e4 11. Ng5 exd3 12. exd3 Bf5 13. Nge4 Nbd7 14. Bf4 Bxe4 15.
dxe4 Nh5 16. Bd2 a6 17. Qc2 Nhf6 18. Rbc1 Ne5 19. b3 Nfd7 20. h3 Nc5 21. Kh2 Ned3
22. Rcd1 b5 23. cxb5 axb5 24. Be3 Qa5 25. Nb1 Qxa2 26. Qxa2 Rxa2 27. Bxc5 Nxc5
28. Rxd6 Nxb3 29. Rxc6 Nd4 30. Rb6 Rc8 31. Rb7 Rcc2 32. Kg1 Be5 33. Kh2 Rxf2 34.
Rxf2 Rxf2 35. Na3 Nf3+ 36. Kh1 Ne1 37. Rxb5 Bxg3 38. Rb1 Rxg2 39. Rxe1 Rh2+ 40.
Kg1 Ra2 41. Rd1 Rxa3 42. Kg2 Be5 43. Rd5 f6 0-1

[Event "Druzynowe Mistrzostwa Polski Juniorow - I liga"]
[Site "Suchedniow"]
[Date "1899-12-30"]
[Round "5.15"]
[White "Rudzinska, Michalina"]
[Black "Godzwon, Iwo"]
[Result "0-1"]
[WhiteTitle "I++"]
[BlackTitle "I+"]
[WhiteElo "1823"]
[BlackElo "2059"]

1. e4 c5 2. Nf3 Nc6 3. d4 cxd4 4. Nxd4 g6 5. Nc3 Bg7 6. Be3 Nf6 7. Bc4 O-O 8. f3
Re8 9. Qd2 Na5 10. Bb3 Nxb3 11. Nxb3 d6 12. O-O-O Be6 13. g4 Nd7 14. Bh6 Bh8 15.
h4 Rc8 16. Nd5 Bxd5 17. exd5 Ne5 18. Nd4 Nc4 19. Qd3 Qb6 20. b3 Bxd4 21. Qxd4
Qxd4 22. Rxd4 Ne5 23. Kb2 Nxf3 24. Rf4 Ne5 25. h5 f6 26. hxg6 hxg6 27. g5 f5 28.
Rfh4 Nf7 29. Re1 Ne5 30. Reh1 Nf7 31. Re1 Rc7 32. Rh2 b5 33. b4 Rec8 34. Re3 Ne5
35. Reh3 Ng4 36. Re2 Kf7 37. a3 Rh8 38. c3 Rc4 39. Rh1 Ne5 40. Kc2 f4 41. Kd2
Rhc8 42. Rc1 f3 43. Rf2 Rf4 44. Rcf1 Rf5 45. Rg1 Nc4+ 46. Kd3 Rxd5+ 47. Ke4 Rf5
48. Rg3 Ne5 49. Ke3 Rxc3+ 50. Kd2 Rxa3 0-1

[Event "Druzynowe Mistrzostwa Polski Juniorow - I liga"]
[Site "Suchedniow"]
[Date "1899-12-30"]
[Round "5.16"]
[White "Banach, Jakub"]
[Black "Wierzbicki, Michal"]
[Result "0-1"]
[WhiteTitle "II+"]
[BlackTitle "I"]
[WhiteElo "1573"]
[BlackElo "1712"]

1. e4 Nc6 2. Nf3 d6 3. d4 Nf6 4. Nc3 Bg4 5. Be2 e6 6. h3 Bh5 7. Be3 Be7 8. Nd2
Bxe2 9. Qxe2 d5 10. e5 Nd7 11. O-O Nb4 12. Nb3 a5 13. a3 Nc6 14. f4 g6 15. Rad1
Nb6 16. Nd2 a4 17. Nf3 Nc4 18. Bc1 Qd7 19. Nb1 N6a5 20. Nbd2 Qb5 21. Nxc4 Nxc4
22. Nd2 Nxa3 23. Qxb5+ Nxb5 24. Nb1 a3 25. bxa3 Bxa3 26. Bxa3 Nxa3 27. Nxa3 Rxa3
28. Ra1 Rxa1 29. Rxa1 Kd7 30. Kf2 Rb8 31. Ke2 b5 32. Kd3 b4 33. Rb1 Rb6 34. g4
Kc6 35. h4 Kb5 36. c3 c5 37. dxc5 Kxc5 38. Rb3 Rb5 39. g5 Rb6 40. Kd2 Kc4 41.
Kc2 Rb5 42. cxb4 Rxb4 43. Rc3+ Kd4 44. Ra3 Kc5 45. Rf3 Ra4 46. Kb2 Re4 47. Kc3
Re1 48. h5 d4+ 49. Kd2 Ra1 50. hxg6 hxg6 51. Rh3 Ra2+ 52. Ke1 Kd5 53. Rh8 Ke4
54. Rh7 Kxf4 55. Rxf7+ Ke3 56. Kf1 d3 57. Rh7 Ra1+ 58. Kg2 d2 59. Rd7 d1=Q 60.
Rxd1 Rxd1 0-1

[Event "Druzynowe Mistrzostwa Polski Juniorow - I liga"]
[Site "Suchedniow"]
[Date "1899-12-30"]
[Round "5.17"]
[White "Murawko, Julia"]
[Black "Kindler, Karolina"]
[Result "1-0"]
[WhiteTitle "I++"]
[BlackTitle "I+"]
[WhiteElo "1792"]
[BlackElo "1714"]

1. e4 c5 2. Nf3 e6 3. d4 cxd4 4. Nxd4 Nf6 5. Bd3 Nc6 6. Nxc6 bxc6 7. O-O d5 8.
e5 Nd7 9. Qe2 Be7 10. Re1 Nc5 11. Qg4 Bf8 12. Nd2 Nxd3 13. cxd3 h5 14. Qa4 Bd7
15. Nf3 c5 16. Qc2 Be7 17. b3 g5 18. Nd2 g4 19. Nf1 d4 20. Ng3 Bc6 21. Ne4 Bxe4
22. Rxe4 Rc8 23. Bd2 Rg8 24. Qd1 Bg5 25. Bxg5 Rxg5 26. Qd2 Rg6 27. Rc1 a5 28.
Rc4 Rg5 29. Qc1 Qe7 30. Rcxd4 Rd8 31. Rxd8+ Qxd8 32. Qe3 Rf5 33. Rc4 Qd7 34. Rxc5
a4 35. Qc1 Kf8 36. Rc7 Qxd3 37. Qh6+ Ke8 38. Qh8# 1-0

[Event "Druzynowe Mistrzostwa Polski Juniorow - I liga"]
[Site "Suchedniow"]
[Date "1899-12-30"]
[Round "5.18"]
[White "Jarocka, Liwia"]
[Black "Wolagiewicz, Kinga"]
[Result "1/2-1/2"]
[WhiteTitle "I++"]
[BlackTitle "I"]
[WhiteElo "1797"]
[BlackElo "1579"]

1. e4 e6 2. d4 d5 3. Nd2 dxe4 4. Nxe4 Bd7 5. Nf3 Bc6 6. Bd3 Bxe4 7. Bxe4 c6 8.
Be3 Nf6 9. Bd3 Nbd7 10. Qd2 Be7 11. h3 b5 12. O-O a5 13. a4 b4 14. c4 c5 15. b3
cxd4 16. Bxd4 Nc5 17. Bxc5 Bxc5 18. Rad1 Qc7 19. Qe2 Rd8 20. Bb1 O-O 21. Ne5 Rxd1
22. Rxd1 Bd6 23. Ng4 Nxg4 24. hxg4 Rd8 25. Kf1 Be7 26. Rxd8+ Qxd8 27. Qc2 g6 28.
Qd3 Qxd3+ 29. Bxd3 Bc5 30. Ke2 Kf8 31. f3 Ke7 32. Be4 Kd6 33. Kd3 Ke5 34. g3 1/2-1/2

[Event "Druzynowe Mistrzostwa Polski Juniorow - I liga"]
[Site "Suchedniow"]
[Date "1899-12-30"]
[Round "5.19"]
[White "Bilczewski, Kacper"]
[Black "Szpar, Milosz"]
[Result "1/2-1/2"]
[WhiteTitle "I"]
[BlackTitle "I++"]
[WhiteElo "2092"]
[BlackElo "2101"]

1. e4 e5 2. Nf3 Nc6 3. d3 Nf6 4. Be2 Be7 5. O-O O-O 6. Nbd2 d5 7. c3 Re8 8. Qc2
h6 9. Rd1 Be6 10. Nf1 a5 11. a4 Qd7 12. Ng3 Rad8 13. h3 Bf8 14. Be3 d4 15. cxd4
Nxd4 16. Nxd4 exd4 17. Bd2 b6 18. f4 Qc8 19. Bf3 c5 20. b3 Qb8 21. Rf1 Bc8 22.
Rae1 Bb7 23. Nh5 Be7 24. f5 Nxh5 25. Bxh5 Bf6 26. Rf4 Be5 27. Rg4 Rd6 28. Rf1
Rf8 29. Qd1 Qd8 30. Qf3 Qe7 31. Bf4 Kh8 32. Bxe5 Qxe5 33. Rf4 f6 34. g4 Bc6 35.
h4 Be8 36. Bg6 Bxg6 37. fxg6 Qe8 38. h5 Qe6 39. Rf5 Rg8 40. Qf4 Rc6 41. Rd5 1/2-1/2

[Event "Druzynowe Mistrzostwa Polski Juniorow - I liga"]
[Site "Suchedniow"]
[Date "1899-12-30"]
[Round "5.21"]
[White "Ochowicz, Jakub"]
[Black "Mis, Mieszko"]
[Result "1/2-1/2"]
[WhiteTitle "I++"]
[BlackTitle "I++"]
[WhiteElo "2069"]
[BlackElo "2041"]

1. e4 e5 2. Nf3 Nc6 3. Bb5 a6 4. Bxc6 dxc6 5. O-O f6 6. d4 exd4 7. Nxd4 c5 8. Ne2
Qxd1 9. Rxd1 Bd7 10. Nbc3 Ne7 11. Bf4 O-O-O 12. f3 Ng6 13. Bg3 Ne5 14. Bxe5 fxe5
15. Nd5 c4 16. b4 cxb3 17. cxb3 Bc5+ 18. Kf1 c6 19. Rac1 Ba3 20. Rc2 Be6 21. Rdd2
Rhf8 22. Kf2 g5 23. Ng3 g4 24. Ke2 gxf3+ 25. gxf3 h5 26. Ne3 Rg8 27. Rxd8+ Kxd8
28. Kf2 a5 29. Nc4 Bc5+ 30. Ke1 h4 31. Nf5 Rg1+ 32. Ke2 Bxc4+ 33. Rxc4 Bb6 34.
Nxh4 Rh1 35. Ng6 Rxh2+ 36. Kd3 Bd4 37. f4 Rh3+ 38. Kc2 c5 39. a4 exf4 40. Nxf4
Rh2+ 41. Kd3 Kd7 42. Rc2 Rh6 43. Nd5 Rh1 44. Kc4 Re1 45. Rh2 Rxe4 46. Kb5 Be5
47. Kxc5 Bd6+ 48. Kb5 Re5 49. Rd2 Bb4 50. Rd3 Ke6 1/2-1/2

[Event "Druzynowe Mistrzostwa Polski Juniorow - I liga"]
[Site "Suchedniow"]
[Date "1899-12-30"]
[Round "5.22"]
[White "Kucharski, Bartlomiej"]
[Black "Polczyk, Mikolaj"]
[Result "1/2-1/2"]
[WhiteTitle "II+"]
[BlackTitle "I"]
[WhiteElo "1742"]
[BlackElo "1855"]

1. d4 Nf6 2. g3 g6 3. Bg2 Bg7 4. c4 O-O 5. Nf3 d6 6. O-O Nc6 7. Nc3 a6 8. Re1 Rb8
9. e4 e5 10. d5 Ne7 11. b4 Ne8 12. Ba3 f5 13. c5 Nf6 14. cxd6 cxd6 15. b5 fxe4
16. Ng5 Nf5 17. Ngxe4 Nxe4 18. Nxe4 axb5 19. Qd3 Ra8 20. g4 Nh4 21. h3 Nxg2 22.
Kxg2 Ra6 23. Rab1 Rf7 24. Rxb5 h5 25. f3 Bh6 26. Re2 Bf4 27. Bb4 hxg4 28. fxg4
Rh7 29. Be1 g5 30. Rb3 b6 31. Bb4 Rd7 32. Qb5 Bb7 33. Qxd7 Qxd7 34. Nf6+ Kf7 35.
Nxd7 Bxd5+ 36. Kf2 Bxb3 37. axb3 Ke6 38. Nf8+ Ke7 39. Ng6+ Ke6 40. Nxf4+ gxf4
41. Kf3 Ra1 42. Re1 Ra2 43. Re2 Ra1 44. Re1 Ra2 45. Re2 Ra1 46. Re1 Ra2 47. Ke4
1/2-1/2

[Event "Druzynowe Mistrzostwa Polski Juniorow - I liga"]
[Site "Suchedniow"]
[Date "1899-12-30"]
[Round "5.23"]
[White "Stebel, Agata"]
[Black "Swiech, Joanna"]
[Result "1/2-1/2"]
[WhiteTitle "k"]
[BlackTitle "k"]
[WhiteElo "1791"]
[BlackElo "1888"]

1. d4 Nf6 2. c4 e6 3. Nc3 c5 4. Nf3 a6 5. e3 d5 6. a3 Nc6 7. dxc5 dxc4 8. Qxd8+
Kxd8 9. Bxc4 Bxc5 10. b4 Bd6 11. Bb2 b5 12. Bb3 Bb7 13. O-O Ke7 14. Rfd1 Rhd8
15. Rac1 Rac8 16. Ne2 Bb8 17. Ned4 Nxd4 18. Bxd4 Nd7 19. Nd2 e5 20. Bc3 Nb6 21.
Kf1 Rd3 22. Nb1 Be4 23. Rd2 Rxd2 24. Nxd2 Bd3+ 25. Ke1 e4 26. Bb2 Rxc1+ 27. Bxc1
Be5 28. Bd1 Bc3 29. f3 Nc4 30. Be2 Nxe3 31. Kf2 Bxe2 32. Nxe4 Nc4 33. Nxc3 Bd3
34. Nd5+ Kd6 35. Ne3 Nxe3 36. Kxe3 Bc4 37. Ke4 Ke5+ 1/2-1/2

[Event "Druzynowe Mistrzostwa Polski Juniorow - I liga"]
[Site "Suchedniow"]
[Date "1899-12-30"]
[Round "5.24"]
[White "Gaj, Magdalena"]
[Black "Bilczewska, Olga"]
[Result "0-1"]
[WhiteTitle "I"]
[BlackTitle "I"]
[WhiteElo "1272"]
[BlackElo "1520"]

1. d4 c5 2. e4 cxd4 3. c3 dxc3 4. Nxc3 Nc6 5. Nf3 e6 6. Bc4 Bb4 7. O-O Nge7 8.
Qe2 O-O 9. Rd1 Ng6 10. Bg5 Qc7 11. Nb5 Qb6 12. a3 Be7 13. Bxe7 Ncxe7 14. Nd6 Qc5
15. Rac1 Qh5 16. Nxc8 Raxc8 17. Rxd7 b5 18. Rxa7 bxc4 19. Rxc4 Qb5 20. Raa4 Rxc4
21. Rxc4 Rb8 22. Rc2 Qa4 23. Qd1 Qxe4 24. h3 Nd5 25. Re2 Qf5 26. Nd4 Qf6 27. Qa4
Ngf4 28. Rc2 Qg5 29. g3 Nxh3+ 30. Kf1 Qf6 31. Kg2 Ng5 32. Nc6 Qf3+ 33. Kg1 Rf8
34. Ne5 Qe4 35. Qxe4 Nxe4 36. Re2 Nd6 37. a4 Ra8 38. b3 Rb8 39. Rb2 f6 40. Nd7
Rc8 41. b4 Kf7 42. Nc5 Ke7 43. Re2 e5 44. f4 Nxb4 45. fxe5 Rxc5 46. exd6+ Kxd6
47. Rd2+ Rd5 48. Rb2 Kc5 49. Kg2 Rd3 50. Re2 Rd7 51. Re1 Ra7 52. Ra1 Nd5 53. Rc1+
Kb4 54. Rb1+ Kc4 55. Rc1+ Nc3 56. Rh1 h6 57. Re1 Nxa4 58. Re4+ Kd5 59. Rg4 Nc5
60. Kf3 Ra3+ 0-1

[Event "Druzynowe Mistrzostwa Polski Juniorow - I liga"]
[Site "Suchedniow"]
[Date "1899-12-30"]
[Round "5.25"]
[White "Niekras, Dawid"]
[Black "Januszkiewicz, Wojciech"]
[Result "1-0"]
[WhiteTitle "k"]
[BlackTitle "I++"]
[WhiteElo "2255"]
[BlackElo "1965"]

1. e4 e6 2. d4 d5 3. Nc3 Nf6 4. Bg5 Be7 5. e5 Nfd7 6. h4 a6 7. Qg4 Bxg5 8. hxg5
g6 9. O-O-O c5 10. dxc5 Nc6 11. Nf3 Nxc5 12. Qf4 Qe7 13. Bd3 b5 14. Rh6 b4 15.
Ne2 Bd7 16. Ned4 O-O-O 17. Nxc6 Bxc6 18. Nd4 Ba4 19. Kb1 Kb8 20. Nb3 Ne4 21. Bxe4
dxe4 22. Rd6 Bxb3 23. axb3 Qb7 24. Rxh7 Rxh7 25. Rxd8+ Kc7 26. Rd1 Qc6 27. Qd2
a5 28. Qd8+ Kb7 29. Rd7+ 1-0

[Event "Druzynowe Mistrzostwa Polski Juniorow - I liga"]
[Site "Suchedniow"]
[Date "1899-12-30"]
[Round "5.27"]
[White "Zabrzanska, Weronika"]
[Black "Luczak, Filip"]
[Result "1/2-1/2"]
[WhiteTitle "I"]
[BlackTitle "I"]
[WhiteElo "1479"]
[BlackElo "1730"]

1. e4 c5 2. Nf3 d6 3. c3 Nf6 4. Be2 Bd7 5. d3 e6 6. O-O Be7 7. Re1 Nc6 8. Bf1 e5
9. d4 cxd4 10. cxd4 Bg4 11. dxe5 dxe5 12. Qxd8+ Rxd8 13. Nfd2 Nd4 14. Bd3 Rc8
15. f3 Be6 16. Nc3 O-O 17. Ne2 Rfd8 18. b3 Nxe2+ 19. Bxe2 Bb4 20. Rd1 Bc3 21.
Rb1 Bd4+ 22. Kf1 Be3 23. Ke1 Kf8 24. Ba3+ Bc5 25. Bxc5+ Rxc5 26. Nc4 Rxd1+ 27.
Rxd1 Ke7 28. Kf2 a6 29. Ke3 b5 30. Nb2 Nd7 31. Nd3 Rc6 32. Nb4 Rb6 33. Rc1 a5
34. Nd3 Kd6 35. Rd1 Ke7 36. Rc1 Kd6 37. Rd1 Ke7 38. Rc1 Kd6 1/2-1/2

[Event "Druzynowe Mistrzostwa Polski Juniorow - I liga"]
[Site "Suchedniow"]
[Date "1899-12-30"]
[Round "5.28"]
[White "Wolaniecki, Patryk"]
[Black "Wikar, Martyna"]
[Result "1/2-1/2"]
[WhiteTitle "I"]
[BlackTitle "I++"]
[WhiteElo "1659"]
[BlackElo "1759"]

1. e4 c5 2. Nf3 a6 3. d4 cxd4 4. Nxd4 Nf6 5. Bd3 e5 6. Nb3 Nc6 7. O-O Be7 8. Nc3
O-O 9. Nd5 d6 10. c4 Be6 11. Re1 Rc8 12. Be3 Bxd5 13. exd5 Na5 14. Nxa5 Qxa5 15.
a3 Rfe8 16. b4 Qd8 17. Rc1 Bf8 18. Bf1 Qd7 19. a4 g6 20. Qb3 Ng4 21. Bb6 Bh6 22.
Rc2 Qf5 23. h3 Nf6 24. g4 Qg5 25. Qg3 Qf4 26. Qxf4 Bxf4 27. Rd1 Nd7 28. a5 e4
29. c5 e3 30. Rd3 dxc5 31. bxc5 Ne5 32. Rxe3 Bxe3 33. fxe3 f5 34. c6 bxc6 35.
Bxa6 Ra8 36. Bb7 cxd5 37. Bxd5+ Kg7 38. Bxa8 Rxa8 39. gxf5 gxf5 40. Rc7+ Kg6 41.
Rc2 Kf7 42. Kf2 Ke6 43. Kg3 Rg8+ 44. Kf2 Ra8 45. Rc7 Nd7 46. Ra7 Rc8 47. Bd4 Rc2+
48. Kf3 Ra2 49. Ra8 Ne5+ 50. Bxe5 Kxe5 51. a6 Kf6 52. a7 Kg7 53. Kf4 Ra5 54. h4
Kh6 55. Rf8 Rxa7 56. Rxf5 Kg6 57. e4 Ra1 58. Rg5+ Kf6 59. Rg3 Rh1 60. Rf3 Rg1
61. Rf2 Ke6 62. Ra2 Rf1+ 63. Kg5 Ke5 64. Ra4 Rf7 65. Kg4 Rf4+ 66. Kg5 Rxe4 67.
Ra7 h6+ 68. Kh5 1/2-1/2

[Event "Druzynowe Mistrzostwa Polski Juniorow - I liga"]
[Site "Suchedniow"]
[Date "1899-12-30"]
[Round "5.29"]
[White "Leczek, Weronika"]
[Black "Trembowiecka-wysota, Aleksandra"]
[Result "1-0"]
[WhiteTitle "I++"]
[BlackTitle "I"]
[WhiteElo "1668"]
[BlackElo "1493"]

1. e4 c5 2. Nf3 Nc6 3. d4 cxd4 4. Nxd4 g6 5. Nc3 Bg7 6. Be3 d6 7. Be2 Nf6 8. O-O
O-O 9. Nb3 Be6 10. f4 Qd7 11. h3 d5 12. Nc5 Qd8 13. e5 Nd7 14. Nxe6 fxe6 15. Bg4
Ndxe5 16. fxe5 d4 17. Bxe6+ Kh8 18. Rxf8+ Bxf8 19. Bf4 dxc3 20. bxc3 Qb6+ 21.
Kh1 Rd8 22. Qf1 Bg7 23. Rb1 Qc5 24. Rxb7 Qxc3 25. Rc7 Rf8 26. Bd5 Qxe5 27. Rxc6
Qxd5 28. Qc4 Qf5 29. Be3 Be5 30. Kg1 Bg3 31. Bd4+ e5 32. Bxa7 Bf2+ 33. Bxf2 Qxf2+
34. Kh2 Rf3 35. Qg4 Rf4 36. Qe6 Qd4 37. Rc8+ Kg7 38. Rc7+ Kh6 39. Qg8 Rf2 40.
Qxh7+ Kg5 41. Qe7+ Rf6 42. Qa3 e4 43. Qg3+ Kf5 44. Qg4+ Ke5 45. Re7+ Kd5 46. Qd7+
Kc5 47. Qa7+ Rb6 48. Rc7+ Kb5 49. a4+ Kb4 50. c3+ Ka3 51. cxd4 Rb3 52. Qc5+ Ka2
53. Qc4 Ka3 54. Qc1+ Ka2 55. Rc2+ 1-0

[Event "Druzynowe Mistrzostwa Polski Juniorow - I liga"]
[Site "Suchedniow"]
[Date "1899-12-30"]
[Round "5.30"]
[White "Bienko, Jagoda"]
[Black "Slusarczyk, Milena"]
[Result "0-1"]
[WhiteTitle "I"]
[BlackTitle "I"]
[WhiteElo "1384"]
[BlackElo "1444"]

1. d4 d5 2. c4 e6 3. Nc3 c6 4. Qc2 dxc4 5. a4 Bb4 6. e3 b5 7. axb5 cxb5 8. Bd2
Bxc3 9. Bxc3 a5 10. b3 Bb7 11. Nf3 b4 12. Bb2 c3 13. Bc1 Nf6 14. Bb5+ Bc6 15.
Bxc6+ Nxc6 16. O-O O-O 17. Rd1 Qd5 18. h3 Rfd8 19. Re1 Qe4 20. Re2 Qxc2 21. Rxc2
Rd5 22. Rb1 e5 23. dxe5 Nxe5 24. Nxe5 Rxe5 25. f3 Rd5 26. e4 Rd1+ 27. Kf2 h6 28.
Ra1 Nd7 29. Ke2 Rg1 30. Kf2 Rh1 31. Ke2 Nc5 32. Rb1 Rd8 33. Ra2 Rdd1 34. Rxa5
Rxc1 35. Rxc1 Rxc1 36. Rxc5 Rb1 37. Rc8+ Kh7 38. Rc7 f6 39. Rc4 Rxb3 40. Kd3 Rb2
41. g3 Kg6 42. h4 h5 43. f4 Kh6 44. e5 fxe5 45. fxe5 Kg6 46. Rf4 c2 47. Kd2 b3
48. Rc4 Kf5 49. Rc5 Rb1 50. e6+ Kxe6 51. Rc3 Rd1+ 0-1

[Event "Druzynowe Mistrzostwa Polski Juniorow - I liga"]
[Site "Suchedniow"]
[Date "1899-12-30"]
[Round "6.1"]
[White "Pilzak, Marcin"]
[Black "Januszkiewicz, Wojciech"]
[Result "1-0"]
[WhiteTitle "k"]
[BlackTitle "I++"]
[WhiteElo "2010"]
[BlackElo "1965"]

1. e4 c5 2. Nf3 d6 3. d4 cxd4 4. Nxd4 Nf6 5. Nc3 g6 6. Be3 Bg7 7. f3 O-O 8. Qd2
Nc6 9. g4 e6 10. O-O-O d5 11. g5 Nh5 12. exd5 exd5 13. Rg1 Ne5 14. Qf2 Bd7 15.
Nxd5 Qa5 16. Nb3 Qd8 17. Be2 Rc8 18. f4 Bf5 19. Nc3 Nd7 20. Bd4 Bxd4 21. Nxd4
Qa5 22. Nxf5 Qxf5 23. Bg4 Qa5 24. Rxd7 Rxc3 25. bxc3 Qa3+ 26. Kd2 1-0

[Event "Druzynowe Mistrzostwa Polski Juniorow - I liga"]
[Site "Suchedniow"]
[Date "1899-12-30"]
[Round "6.2"]
[White "Grzesik, Gracjan"]
[Black "Dembinski, Bartosz"]
[Result "1-0"]
[WhiteTitle "I"]
[BlackTitle "II"]
[WhiteElo "1840"]
[BlackElo "1456"]

1. e4 e5 2. Nf3 Nc6 3. d4 exd4 4. Nxd4 Nf6 5. Nc3 Bb4 6. Nxc6 bxc6 7. Bd3 d5 8.
exd5 cxd5 9. O-O O-O 10. Bg5 c6 11. Qf3 Bd6 12. h3 h6 13. Bxf6 Qxf6 14. Qxf6 gxf6
15. Rfe1 Bd7 16. Kf1 Rfe8 17. a3 Kf8 18. Reb1 Rab8 19. Ne2 Rb6 20. b4 Reb8 21.
c3 c5 22. Ke1 Ke8 23. Kd2 Bb5 24. Bxb5+ Rxb5 25. Kc2 R8b7 26. Rd1 cxb4 27. axb4
Rc7 28. Kb3 Rb8 29. Rxd5 Bf8 30. Nd4 Bc5 31. Nf5 Bxf2 32. Rf1 Bb6 33. Kc2 Kf8
34. Nxh6 Kg7 35. Nf5+ Kg6 36. g4 Rc4 37. Rf3 Bc7 38. Kd3 Rf4 39. Rxf4 Bxf4 40.
h4 Be5 41. Rd7 a6 42. Ra7 Rd8+ 43. Kc2 Bd6 44. Rxa6 Bf8 45. Rc6 Bg7 46. Rc8 1-0

[Event "Druzynowe Mistrzostwa Polski Juniorow - I liga"]
[Site "Suchedniow"]
[Date "1899-12-30"]
[Round "6.3"]
[White "Chrost, Hugo"]
[Black "Luczak, Filip"]
[Result "0-1"]
[WhiteTitle "II"]
[BlackTitle "I"]
[WhiteElo "1395"]
[BlackElo "1730"]

1. e4 c5 2. Nc3 e6 3. f4 Nc6 4. Nf3 g6 5. g3 Bg7 6. Bg2 Nge7 7. O-O O-O 8. d3 d5
9. e5 a6 10. a4 Qb6 11. g4 f6 12. exf6 Bxf6 13. h4 Nd4 14. a5 Qc7 15. g5 Nxf3+
16. Qxf3 Bd4+ 17. Kh1 Nf5 18. h5 Bd7 19. hxg6 hxg6 20. Bh3 Bc6 21. Bxf5 Rxf5 22.
Qg4 Qh7+ 23. Kg2 Bxc3 24. bxc3 d4+ 25. Kg3 Kf7 26. cxd4 Rh8 27. Rf2 cxd4 28. Bb2
e5 29. fxe5 Rxf2 30. Kxf2 Qh2+ 31. Ke1 Qh1+ 32. Kd2 Rh2+ 33. Qe2 Rxe2+ 34. Kxe2
Qg2+ 35. Ke1 Bf3 36. e6+ Ke8 0-1

[Event "Druzynowe Mistrzostwa Polski Juniorow - I liga"]
[Site "Suchedniow"]
[Date "1899-12-30"]
[Round "6.5"]
[White "Kostecka, Marika"]
[Black "Trembowiecka-wysota, Aleksandra"]
[Result "1-0"]
[WhiteTitle "I++"]
[BlackTitle "I"]
[WhiteElo "1693"]
[BlackElo "1493"]

1. e4 c5 2. Nf3 d6 3. d4 cxd4 4. Nxd4 Nf6 5. Nc3 a6 6. Be3 e5 7. Nb3 Be6 8. Qd2
Be7 9. f3 O-O 10. O-O-O Nbd7 11. g4 b5 12. g5 b4 13. Na4 Nh5 14. Rg1 a5 15. Kb1
Qc7 16. Nc1 Qc6 17. b3 Nc5 18. Nb2 a4 19. Nbd3 Nxd3 20. Nxd3 axb3 21. cxb3 Rfb8
22. Nxb4 Qb7 23. Nd5 Bd8 24. h4 Ba5 25. Qd3 Qd7 26. Rg2 f5 27. gxf6 g6 28. Ne7+
Kf7 29. Qxd6 Qa4 30. Nd5 Nxf6 31. Qe7+ 1-0

[Event "Druzynowe Mistrzostwa Polski Juniorow - I liga"]
[Site "Suchedniow"]
[Date "1899-12-30"]
[Round "6.7"]
[White "Szpar, Milosz"]
[Black "Niekras, Dawid"]
[Result "0-1"]
[WhiteTitle "I++"]
[BlackTitle "k"]
[WhiteElo "2101"]
[BlackElo "2255"]

1. d4 Nf6 2. c4 g6 3. Nc3 Bg7 4. Nf3 O-O 5. g3 d6 6. Bg2 Nc6 7. O-O a6 8. Re1 Rb8
9. e4 Bg4 10. Be3 Nd7 11. h3 Bxf3 12. Bxf3 e5 13. d5 Nd4 14. Bg2 c5 15. Qd3 b5
16. cxb5 axb5 17. Bxd4 c4 18. Bb6 Qxb6 19. Qc2 Nc5 20. Bf1 Rfc8 21. b3 b4 22.
Nd1 cxb3 23. axb3 Ne6 24. Bc4 Nd4 25. Qd3 Ra8 26. Nb2 f5 27. Na4 Qb7 28. Kg2 Rf8
29. Rf1 f4 30. Ra2 Kh8 31. Qd1 Rf7 32. gxf4 Rxf4 33. Rd2 Rxe4 34. Nb2 Rf8 35.
Nd3 Rh4 36. Rh1 e4 37. Ne1 Nf5 38. Nc2 Qe7 0-1